000 00615na a2200217 4500
001 19331
003 MIRAKIL
005 20181213155101.0
008 170209b tu 000 0
040 _aMilas
_btur
_cTR-AnCHP
041 _atur
082 _aCHP 353.04
_bD96 1995
090 _aCHP 353.04 D96 1995
245 _aDYP-CHP hükümetinin uygulama programı
246 _aDYP CHP hükümetinin uygulama programı
260 _aAnkara
_bBaşbakanlık Basımevi
_c1995
300 _a47 s.
_c19 sm.
610 _aCHP
_xHükümet programları
650 _aHükümet
_xProgramlar, 1995
942 _2ddc
_cBKS
999 _c6259
_d6259